Estudio sobre la vegetación y la flora forestal de las Canarias Occidentales / (Record no. 44476)

MARC details
000 -LEADER
campo de control de longitud fija 00892nam a2200205 i 4500
001 - NÚMERO DE CONTROL
campo de control 44476
003 - IDENTIFICADOR DE NÚMERO DE CONTROL
campo de control ES-MaACL
005 - FECHA Y HORA DE LA ÚLTIMA TRANSACCIÓN
campo de control 20251114105335.0
007 - CAMPO FIJO DE DESCRIPCIÓN FÍSICA--INFORMACIÓN GENERAL
campo de control de longitud fija t|
008 - DATOS DE LONGITUD FIJA--INFORMACIÓN GENERAL
campo de control de longitud fija 030321s1951 sp ||||1| spa d
100 1# - ENTRADA PRINCIPAL--NOMBRE DE PERSONA
Nombre de persona Ceballos y Fernández de Córdoba, Luis,
Fechas asociadas al nombre 1896-1967
9 (RLIN) 37284
245 10 - MENCIÓN DEL TÍTULO
Título Estudio sobre la vegetación y la flora forestal de las Canarias Occidentales /
Mención de responsabilidad, etc. por Luis Ceballos y Fernández de Córdoba y Francisco Ortuño Medina.
260 ## - PUBLICACIÓN, DISTRIBUCIÓN, ETC.
Lugar de publicación, distribución, etc. Madrid :
Nombre del editor, distribuidor, etc. Ministerio de Agricultura, Instituto Forestal de Investigaciones y Experiencias,
Fecha de publicación, distribución, etc. 1951 (
Fabricante Blass)
300 ## - DESCRIPCIÓN FÍSICA
Extensión X, 465 p., 61 lám., 6 map. pleg. :
Otras características físicas il. ;
Dimensiones 27 cm.
650 #4 - PUNTO DE ACCESO ADICIONAL DE MATERIA--TÉRMINO DE MATERIA
Término de materia o nombre geográfico como elemento de entrada Flora-
Subdivisión geográfica Canarias.
9 (RLIN) 167291
700 1# - ENTRADA AGREGADA--NOMBRE PERSONAL
Nombre de persona Ortuño Medina, Francisco,
Fechas asociadas al nombre 1919-1991
9 (RLIN) 87687
710 2# - ENTRADA AGREGADA--NOMBRE DE ENTIDAD CORPORATIVA
Nombre de entidad corporativa o nombre de jurisdicción como elemento de entrada Instituto Forestal de Investigaciones y Experiencias.
9 (RLIN) 5059
852 ## - LOCALIZACIÓN
Ubicación ES-MaACL
Número de control de estantería D-7086
Sublocalización o colección R.31389
Holdings
Estatus retirado Estado de pérdida Estado de daño No para préstamo Biblioteca de origen Biblioteca actual Ubicación en estantería Fecha de adquisición Fuente de adquisición Total de préstamos Signatura topográfica completa Código de barras Visto por última vez Precio de reemplazo Tipo de ítem Koha
        Biblioteca del Ateneo de Madrid Biblioteca del Ateneo de Madrid Sala Valle Inclán 17/01/2008     D-7086 901046807 23/02/2023 23/02/2023 Libro impreso